| 000 | 00545nam a22001817a 4500 | ||
|---|---|---|---|
| 005 | 20231113123936.0 | ||
| 008 | 231113b |||||||| |||| 00| 0 eng d | ||
| 020 | _a0409032654 | ||
| 041 | _aEnglish | ||
| 082 | _a345.5 HIE | ||
| 100 |
_aHiemstra, VG _lEnglish |
||
| 245 |
_aSuid-Afrikaanse Strafproses / _cVG Hiemstra |
||
| 250 | _aVierde Uitgawe | ||
| 260 |
_aDurban : _bButterworth-Uitgewers (Edms) Bpk, _c1987 |
||
| 300 |
_blxx, 881 pages ; _c25,3 cm. |
||
| 650 |
_aLegal practice _bLaw |
||
| 942 |
_cBK _6ALISON_BN_VRIES |
||
| 999 |
_c568 _d568 |
||